[Event "EIBCC 2019"]
[Site "Tallinn"]
[Date "2019.12.07"]
[Round "13.21"]
[White "Troyke, Christian"]
[Black "Gretarsson, Helgi Ass"]
[Result "1/2-1/2"]
[WhiteElo "2247"]
[BlackElo "2523"]
[Annotator "ChessBase"]
[PlyCount "78"]
[EventDate "2019.12.06"]
[EventType "swiss"]
[EventCountry "EST"]
[SourceTitle "playchess.com"]
[Source "ChessBase"]
[SourceQuality "1"]

1. g3 g6 2. Bg2 Bg7 3. d4 d6 4. e4 Nc6 5. Ne2 e5 6. d5 Nce7 7. c4 f5 8. Nbc3 Nf6 9. f3 O-O 10. O-O c6 11. dxc6 bxc6 12. b3 d5 13. cxd5 cxd5 14. Ba3 d4 15. Na4 fxe4 16. fxe4 Ng4 17. Rxf8+ Bxf8 18. Qd3 Bh6 19. Rf1 Be3+ 20. Kh1 Nf2+ 21. Rxf2 Bxf2 22. Qf3 d3 23. Nec3 d2 24. Bxe7 Qxe7 25. Qxf2 Qd6 26. Qe2 Ba6 27. Qd1 Rf8 28. Nd5 Rf2 29. Nac3 Qa3 30. Kg1 Qc5 31. Kh1 Re2 32. Nxe2 Bxe2 33. Qxd2 Qf2 34. Qc1 Bf3 35. Qc8+ Kg7 36. Qd7+ Kh6 37. Qh3+ Kg7 38. Qd7+ Kh6 39. Qh3+ Kg7 1/2-1/2

[Event "EIBCC 2019"]
[Site "Tallinn"]
[Date "2019.12.07"]
[Round "13.22"]
[White "Bru Rullo, Llatzer"]
[Black "Potapov, Pavel"]
[Result "0-1"]
[WhiteElo "2242"]
[BlackElo "2464"]
[Annotator "ChessBase"]
[PlyCount "78"]
[EventDate "2019.12.06"]
[EventType "swiss"]
[EventCountry "EST"]
[SourceTitle "playchess.com"]
[Source "ChessBase"]
[SourceQuality "1"]

1. d4 f5 2. Nf3 Nf6 3. g3 g6 4. Bg2 Bg7 5. b3 O-O 6. O-O Ne4 7. Bb2 d6 8. Nbd2 Nc6 9. c4 Nxd2 10. Qxd2 e5 11. dxe5 dxe5 12. Qd5+ Kh8 13. Rad1 Qe7 14. Qd2 e4 15. Bxg7+ Qxg7 16. Nd4 Rd8 17. e3 Ne5 18. Qc2 Re8 19. f3 exf3 20. Nxf3 Ng4 21. Rfe1 c6 22. h3 Nf6 23. Nd2 Nh5 24. Kh2 Be6 25. e4 f4 26. g4 Ng3 27. Nf3 g5 28. Rd6 h6 29. Red1 Qe7 30. e5 Kg7 31. Nd4 Bc8 32. Nf5+ Bxf5 33. gxf5 Qxe5 34. f6+ Kh8 35. Rd7 Nf5 36. f7 Rf8 37. Qd3 f3+ 38. Kg1 fxg2 39. Kxg2 Ne3+ 0-1

[Event "EIBCC 2019"]
[Site "Tallinn"]
[Date "2019.12.07"]
[Round "13.23"]
[White "Chernyak, Viktoria"]
[Black "Nguyen, Thai Dai Van"]
[Result "0-1"]
[WhiteElo "2213"]
[BlackElo "2419"]
[Annotator "NA"]
[PlyCount "80"]
[EventDate "2019.12.06"]
[EventType "swiss"]
[EventCountry "EST"]
[SourceTitle "playchess.com"]
[Source "ChessBase"]
[SourceQuality "1"]

1. c4 e5 2. g3 Nf6 3. Bg2 c6 4. d4 e4 5. d5 Bb4+ 6. Bd2 Qe7 7. Nc3 O-O 8. Nh3 h6 9. O-O a5 10. Qc2 d6 11. Rad1 Bc5 12. Nf4 g5 13. Nh3 Bf5 14. Kh1 Qd7 15. Ng1 e3 16. Qb3 exd2 17. Rxd2 Re8 18. a3 cxd5 19. cxd5 Na6 20. e3 b5 21. Nxb5 Rab8 22. a4 Nc7 23. Ne2 Nxb5 24. axb5 Qxb5 25. Qd1 Qb3 26. Qc1 Rec8 27. Nc3 Bb4 28. Rd4 Bxc3 29. bxc3 Rxc3 30. Qa1 Qa3 31. Qd1 Rd3 32. Rxd3 Qxd3 33. Qa4 Be4 34. f3 Bxd5 35. e4 Be6 36. Qxa5 Rb2 37. Qd8+ Kg7 38. e5 Nd7 39. exd6 Qxd6 40. Qa5 Qd2 0-1

[Event "EIBCC 2019"]
[Site "Tallinn"]
[Date "2019.12.07"]
[Round "13.24"]
[White "Shubin, Kirill"]
[Black "Chibukhchyan, Erik"]
[Result "1/2-1/2"]
[WhiteElo "2401"]
[BlackElo "2230"]
[Annotator "NA"]
[PlyCount "78"]
[EventDate "2019.12.06"]
[EventType "swiss"]
[EventCountry "EST"]
[SourceTitle "playchess.com"]
[Source "ChessBase"]
[SourceQuality "1"]

1. e4 e5 2. Nf3 Nc6 3. Bb5 a6 4. Ba4 Nf6 5. O-O Be7 6. Re1 b5 7. Bb3 d6 8. c3 O-O 9. h3 a5 10. d4 a4 11. Bc2 Bd7 12. a3 h6 13. Nbd2 Re8 14. Nf1 Bf8 15. Ng3 Na5 16. Nh4 g6 17. Nf3 Bg7 18. dxe5 dxe5 19. Qe2 Qe7 20. Rb1 c5 21. Bd3 c4 22. Bc2 Bc6 23. Nf1 Nb3 24. N1h2 Nxc1 25. Rbxc1 Rad8 26. Qe3 Qb7 27. Ng4 Nxg4 28. hxg4 Rd7 29. Rcd1 Red8 30. Rxd7 Rxd7 31. Qc5 Qc7 32. Rd1 Rxd1+ 33. Bxd1 Qd7 34. Bc2 Qe6 35. g5 hxg5 36. Nxg5 Qd7 37. Nf3 Qe6 38. Ng5 Qd7 39. Nf3 Qe6 1/2-1/2

[Event "EIBCC 2019"]
[Site "Tallinn"]
[Date "2019.12.07"]
[Round "13.25"]
[White "Lazavik, Denis"]
[Black "Loginov, Valery A"]
[Result "1-0"]
[WhiteElo "2222"]
[BlackElo "2376"]
[Annotator "NA"]
[PlyCount "51"]
[EventDate "2019.12.06"]
[EventType "swiss"]
[EventCountry "EST"]
[SourceTitle "playchess.com"]
[Source "ChessBase"]
[SourceQuality "1"]

1. d4 Nf6 2. c4 e6 3. Nf3 Bb4+ 4. Bd2 Qe7 5. g3 Bxd2+ 6. Qxd2 Nc6 7. Nc3 d5 8. cxd5 exd5 9. Bg2 O-O 10. O-O Re8 11. e3 Bg4 12. Rfc1 Rad8 13. Ne1 Ne4 14. Qc2 Bf5 15. Nxe4 Bxe4 16. Qb3 Na5 17. Qc3 Nc6 18. a3 a6 19. b4 Bxg2 20. Nxg2 Rd7 21. Nf4 Na7 22. a4 c6 23. Nd3 Nc8 24. b5 cxb5 25. axb5 axb5 26. Qxc8 1-0

[Event "EIBCC 2019"]
[Site "Tallinn"]
[Date "2019.12.07"]
[Round "13.26"]
[White "Dorokhin, Mykhailo"]
[Black "Azimov, Ilyas"]
[Result "1-0"]
[WhiteElo "2364"]
[BlackElo "2183"]
[Annotator "NA"]
[PlyCount "85"]
[EventDate "2019.12.06"]
[EventType "swiss"]
[EventCountry "EST"]
[SourceTitle "playchess.com"]
[Source "ChessBase"]
[SourceQuality "1"]

1. f4 d5 2. Nf3 Nf6 3. e3 c5 4. b3 g6 5. Bb2 Bg7 6. Be2 O-O 7. O-O Nc6 8. Ne5 Nxe5 9. Bxe5 Nd7 10. Bxg7 Kxg7 11. Bf3 e6 12. Nc3 Nf6 13. Ne2 b6 14. Qc1 Kg8 15. Qb2 Ba6 16. Rf2 Bxe2 17. Rxe2 Rc8 18. d3 Nd7 19. e4 d4 20. e5 b5 21. a4 b4 22. Rf1 Nb6 23. Qc1 a5 24. g4 Nd5 25. Bxd5 Qxd5 26. Qe1 Qd8 27. f5 exf5 28. gxf5 gxf5 29. Rxf5 Kh8 30. Rf6 Rg8+ 31. Kh1 Qd5+ 32. Re4 Rc6 33. Qh4 Rg7 34. Qh6 Re6 35. Qf4 Qd7 36. Qf5 Qe7 37. h4 Rg6 38. Rxf7 Qe8 39. Rf8+ Rg8 40. Rxe8 Rgxe8 41. h5 Kg7 42. Rg4+ Kh8 43. Qf7 1-0

[Event "EIBCC 2019"]
[Site "Tallinn"]
[Date "2019.12.07"]
[Round "13.27"]
[White "D`Costa, Lorin"]
[Black "Babanin, Gleb"]
[Result "0-1"]
[WhiteElo "2361"]
[BlackElo "2201"]
[Annotator "NA"]
[PlyCount "67"]
[EventDate "2019.12.06"]
[EventType "swiss"]
[EventCountry "EST"]
[SourceTitle "playchess.com"]
[Source "ChessBase"]
[SourceQuality "1"]

1. e4 c5 2. Nc3 Nc6 3. Bb5 Nd4 4. Nf3 a6 5. Bd3 Nc6 6. b3 g6 7. Bb2 Bg7 8. O-O e6 9. Re1 Nge7 10. Na4 Bxb2 11. Nxb2 d6 12. c3 Qc7 13. Bf1 d5 14. e5 Bd7 15. d4 Qa5 16. Nd3 cxd4 17. cxd4 Nf5 18. Nc5 Ncxd4 19. Nxb7 Nxf3+ 20. Qxf3 Qb6 21. Nd6+ Nxd6 22. exd6 Qxd6 23. Qf6 O-O 24. h4 Rfe8 25. h5 Qe7 26. Qf4 e5 27. Qd2 Bc6 28. Rac1 Bb7 29. f4 e4 30. Qd4 Qh4 31. Rc7 Re7 32. h6 f5 33. Rxb7 Rxb7 34. Qxd5+ 0-1

[Event "EIBCC 2019"]
[Site "Tallinn"]
[Date "2019.12.07"]
[Round "13.28"]
[White "Putka, Verners"]
[Black "Vlassow, Valentin"]
[Result "1-0"]
[WhiteElo "2448"]
[BlackElo "2265"]
[Annotator "NA"]
[PlyCount "113"]
[EventDate "2019.12.06"]
[EventType "swiss"]
[EventCountry "EST"]
[SourceTitle "playchess.com"]
[Source "ChessBase"]
[SourceQuality "1"]

1. d4 d5 2. Nf3 Bf5 3. g3 e6 4. Bg2 Nf6 5. O-O Be7 6. c4 c6 7. Nc3 Nbd7 8. Nd2 O-O 9. e4 dxe4 10. Ndxe4 Nxe4 11. Nxe4 Nf6 12. Nc3 Qb6 13. c5 Qd8 14. Be3 Nd5 15. Qb3 Qd7 16. Rad1 Rad8 17. Bc1 Bf6 18. Ne4 Bxe4 19. Bxe4 h6 20. Bb1 Be7 21. Qc2 Nf6 22. Bf4 Qd5 23. Rfe1 Qf3 24. Re3 Qh5 25. Rde1 Rd5 26. Re5 Rxe5 27. dxe5 g6 28. exf6 Bxf6 29. b4 Rd8 30. Bd6 Qg4 31. Qe4 Qh5 32. Bc2 Rd7 33. Bb3 Qh3 34. Qf3 Kg7 35. Bc4 e5 36. Bf1 Qe6 37. a3 h5 38. h4 a6 39. Kh2 Rd8 40. Bh3 Qa2 41. Re2 Qa1 42. Qe3 Re8 43. Bg2 Re6 44. Be4 Qf1 45. Re1 Qc4 46. Qd3 Qa2 47. Re2 Qa1 48. Kg2 Qc1 49. Bf3 Qa1 50. Qb3 Re8 51. a4 Re6 52. b5 axb5 53. axb5 cxb5 54. Bxb7 Qa7 55. Bd5 Re8 56. Qxb5 Qa1 57. Qb7 1-0

[Event "EIBCC 2019"]
[Site "Tallinn"]
[Date "2019.12.07"]
[Round "13.29"]
[White "Rocha, Sergio"]
[Black "Volodin, Aleksandr"]
[Result "1-0"]
[WhiteElo "2249"]
[BlackElo "2401"]
[Annotator "NA"]
[PlyCount "103"]
[EventDate "2019.12.06"]
[EventType "swiss"]
[EventCountry "EST"]
[SourceTitle "playchess.com"]
[Source "ChessBase"]
[SourceQuality "1"]

1. Nf3 d5 2. e3 Nf6 3. c4 e6 4. b3 Be7 5. Bb2 b6 6. Be2 Bb7 7. O-O Nbd7 8. Qc2 O-O 9. Rd1 c5 10. d3 Qc7 11. Nbd2 Rad8 12. Nf1 Qb8 13. Ng3 Rfe8 14. a3 Bf8 15. e4 d4 16. Bc1 Bd6 17. Bd2 Nf8 18. b4 Ng6 19. b5 Nf4 20. Bxf4 Bxf4 21. a4 h5 22. a5 g6 23. Ra2 Kg7 24. Rda1 Nd7 25. axb6 axb6 26. Ra7 Rh8 27. R1a3 h4 28. Nf1 h3 29. g3 Bd6 30. Qc1 f6 31. Ne1 g5 32. Bg4 Rde8 33. Bf3 Ne5 34. Bh1 Re7 35. Qd1 Rf7 36. Nd2 Bc8 37. Rxf7+ Nxf7 38. Nef3 g4 39. Ne1 Ne5 40. Nf1 Rg8 41. f4 gxf3 42. Nxf3 Ng6 43. Qe1 Rh8 44. Qf2 Rh6 45. Qa2 Rh7 46. Ra8 Qc7 47. Ra7 Bb7 48. e5 Bxe5 49. Nxe5 Qxe5 50. Rxb7+ Kg8 51. Qa8+ Nf8 52. Rxh7 1-0

[Event "EIBCC 2019"]
[Site "Tallinn"]
[Date "2019.12.07"]
[Round "13.30"]
[White "Sysolyatin, Evgeny"]
[Black "Meyer, Falko"]
[Result "*"]
[WhiteElo "2396"]
[BlackElo "2248"]
[Annotator "NA"]
[PlyCount "77"]
[EventDate "2019.12.06"]
[EventType "swiss"]
[EventCountry "EST"]
[SourceTitle "playchess.com"]
[Source "ChessBase"]
[SourceQuality "1"]

1. e4 c6 2. d4 d5 3. Nc3 dxe4 4. Nxe4 Bf5 5. Ng3 Bg6 6. h4 h6 7. Nf3 Nd7 8. h5 Bh7 9. Bd3 Bxd3 10. Qxd3 e6 11. Bf4 Qa5+ 12. Bd2 Bb4 13. c3 Be7 14. c4 Qc7 15. O-O-O Ngf6 16. Kb1 b5 17. Rc1 Qb7 18. Ne5 Rd8 19. Qe2 bxc4 20. Nxd7 Rxd7 21. Qxc4 O-O 22. Qxc6 Qxc6 23. Rxc6 Rxd4 24. Be3 Ra4 25. Rc7 Bd6 26. Rxa7 Rxa7 27. Bxa7 Bxg3 28. fxg3 Ne4 29. g4 Nf6 30. b4 Ra8 31. Bc5 Nxg4 32. Rc1 e5 33. Rc4 f5 34. b5 e4 35. b6 Rb8 36. Rb4 e3 37. Kc2 Kf7 38. b7 Ke6 39. Ba7 *

[Event "EIBCC 2019"]
[Site "Tallinn"]
[Date "2019.12.07"]
[Round "13.31"]
[White "Martynov, Roman"]
[Black "Kozak, Adam"]
[Result "1/2-1/2"]
[WhiteElo "2196"]
[BlackElo "2385"]
[Annotator "NA"]
[PlyCount "60"]
[EventDate "2019.12.06"]
[EventType "swiss"]
[EventCountry "EST"]
[SourceTitle "playchess.com"]
[Source "ChessBase"]
[SourceQuality "1"]

1. d4 Nf6 2. Nf3 d5 3. c4 e6 4. g3 Bb4+ 5. Bd2 Be7 6. Bg2 O-O 7. O-O c6 8. Qc2 Nbd7 9. Rd1 b6 10. Bf4 Bb7 11. Nc3 dxc4 12. Nd2 Nd5 13. Nxc4 Nxf4 14. gxf4 Qc7 15. e3 Rad8 16. a3 c5 17. d5 exd5 18. Nxd5 Bxd5 19. Rxd5 b5 20. Ne5 Nxe5 21. Rxe5 Bd6 22. Rd5 Be7 23. Re5 Bd6 24. Rd5 Be7 25. Re5 a6 26. a4 Bd6 27. Rd5 Be7 28. Re5 Bd6 29. Rd5 Be7 30. Re5 Bd6 1/2-1/2

[Event "EIBCC 2019"]
[Site "Tallinn"]
[Date "2019.12.07"]
[Round "13.32"]
[White "Krutti, Valer"]
[Black "Marie, Maxime"]
[Result "0-1"]
[WhiteElo "2379"]
[BlackElo "2196"]
[Annotator "NA"]
[PlyCount "96"]
[EventDate "2019.12.06"]
[EventType "swiss"]
[EventCountry "EST"]
[SourceTitle "playchess.com"]
[Source "ChessBase"]
[SourceQuality "1"]

1. c4 g6 2. d4 Bg7 3. e4 d6 4. Nc3 Nf6 5. f3 a6 6. Bg5 h6 7. Be3 Nbd7 8. Nh3 e5 9. d5 Qe7 10. Qd2 Nh5 11. Nf2 g5 12. Qc2 Nf8 13. O-O-O Ng6 14. Kb1 Bd7 15. Rc1 b6 16. b3 O-O 17. Nfd1 Rfb8 18. Nb2 b5 19. g3 Rb7 20. Ncd1 c5 21. dxc6 Bxc6 22. Nc3 Nf8 23. Nd5 Qe8 24. Ka1 Ne6 25. Bh3 Nd4 26. Qd1 bxc4 27. Rxc4 Bb5 28. Rc3 Be2 29. Qc1 Bxf3 30. Rf1 Ne2 31. Qd2 Nxc3 32. Nxc3 g4 33. Bg2 Bxg2 34. Qxg2 Qe6 35. Nd5 Rc8 36. Qe2 Rb5 37. Rd1 Nf6 38. Nxf6+ Bxf6 39. Nc4 Be7 40. Rf1 Kg7 41. Rf5 Rb4 42. Qxg4+ Kf8 43. Qe2 a5 44. Bd2 Rbxc4 45. bxc4 Qxc4 46. Bxh6+ Ke8 47. Qxc4 Rxc4 48. Bd2 a4 0-1

[Event "EIBCC 2019"]
[Site "Tallinn"]
[Date "2019.12.07"]
[Round "13.33"]
[White "Muter, Donny"]
[Black "Kourousis, Epaminondas"]
[Result "1/2-1/2"]
[WhiteElo "2169"]
[BlackElo "2366"]
[Annotator "NA"]
[PlyCount "132"]
[EventDate "2019.12.06"]
[EventType "swiss"]
[EventCountry "EST"]
[SourceTitle "playchess.com"]
[Source "ChessBase"]
[SourceQuality "1"]

1. d4 Nf6 2. Nf3 e6 3. Bg5 c5 4. e3 cxd4 5. exd4 b6 6. Bd3 Bb7 7. Nbd2 Be7 8. O-O O-O 9. Re1 d6 10. c3 Nbd7 11. a4 a6 12. Qe2 Re8 13. Nc4 Qc7 14. Bf4 Bf8 15. Bg3 g6 16. Ng5 h6 17. Nf3 Nh5 18. Nfd2 Nxg3 19. fxg3 e5 20. dxe5 dxe5 21. g4 Bg7 22. Rf1 e4 23. Bc2 Ne5 24. Nxe5 Qxe5 25. Bb3 Bd5 26. Bxd5 Qxd5 27. Nc4 b5 28. Ne3 Qe6 29. axb5 axb5 30. Qxb5 Rab8 31. Qe2 Rbd8 32. Rad1 Rd3 33. Nc2 Qb6+ 34. Kh1 Red8 35. Nb4 Rxd1 36. Rxd1 Re8 37. Nd5 Qd6 38. Ne3 Qf4 39. Rf1 Qe5 40. Qc4 Re7 41. Qe2 Bf6 42. Rc1 Bg5 43. Rd1 Kg7 44. Nf1 e3 45. Ng3 Qf4 46. c4 Rb7 47. Rb1 Rb3 48. Nf1 Qe4 49. Rd1 Bf6 50. Ng3 Qe5 51. Rb1 Rb8 52. Kg1 h5 53. gxh5 Rxb2 54. Rxb2 Qxb2 55. Qxb2 Bxb2 56. Kf1 gxh5 57. Nxh5+ Kg6 58. Nf4+ Kf5 59. Nd3 Bd4 60. Ke2 Ke4 61. h4 f5 62. g3 Bb6 63. h5 Bc7 64. Nf4 Be5 65. h6 Bf6 66. h7 Kd4 1/2-1/2

[Event "EIBCC 2019"]
[Site "Tallinn"]
[Date "2019.12.07"]
[Round "13.34"]
[White "Askerov, Marat"]
[Black "Pershin, Denis"]
[Result "0-1"]
[WhiteElo "2164"]
[BlackElo "2359"]
[Annotator "NA"]
[PlyCount "112"]
[EventDate "2019.12.06"]
[EventType "swiss"]
[EventCountry "EST"]
[SourceTitle "playchess.com"]
[Source "ChessBase"]
[SourceQuality "1"]

1. d4 Nf6 2. c4 e6 3. Nf3 d5 4. Nc3 dxc4 5. e3 a6 6. a4 c5 7. Bxc4 cxd4 8. exd4 Nc6 9. O-O Be7 10. Bg5 O-O 11. Qd2 b6 12. Rad1 Bb7 13. Rfe1 Rc8 14. Qf4 Nb4 15. Bb3 Nbd5 16. Nxd5 Nxd5 17. Qg3 Bxg5 18. Nxg5 Qc7 19. Qd3 Nf6 20. h3 Qf4 21. Qe3 Qf5 22. Qd2 h6 23. Re5 Qg6 24. d5 hxg5 25. dxe6 g4 26. exf7+ Kh8 27. Rg5 Qh6 28. hxg4 Ne4 29. Rh5 Nxd2 30. Rxh6+ gxh6 31. Rxd2 Rcd8 32. Re2 Bd5 33. Bxd5 Rxd5 34. Re6 Kg7 35. Rxb6 a5 36. b4 axb4 37. Rxb4 Rxf7 38. f3 Ra5 39. Kh2 Rfa7 40. Kg3 Rxa4 41. Rb5 R4a5 42. Rb2 Ra2 43. Rb5 Rd7 44. Kf4 Rxg2 45. Ra5 Rgd2 46. Rb5 R2d5 47. Rb6 Rd3 48. Ke4 R3d6 49. Rb5 Re7+ 50. Kf4 Rf6+ 51. Kg3 Re3 52. Kh4 Rexf3 53. Rb7+ Rf7 54. Rb6 R3f6 55. Rb5 Rg6 56. Kh5 Rg5+ 0-1

[Event "EIBCC 2019"]
[Site "Tallinn"]
[Date "2019.12.07"]
[Round "13.35"]
[White "Morgunov, Marc"]
[Black "Duzhakov, Ilya"]
[Result "0-1"]
[WhiteElo "2141"]
[BlackElo "2346"]
[Annotator "NA"]
[PlyCount "67"]
[EventDate "2019.12.06"]
[EventType "swiss"]
[EventCountry "EST"]
[SourceTitle "playchess.com"]
[Source "ChessBase"]
[SourceQuality "1"]

1. e4 e6 2. d4 d5 3. Nd2 c5 4. exd5 Qxd5 5. Ngf3 cxd4 6. Bc4 Qd7 7. O-O Nc6 8. Nb3 a6 9. Re1 b5 10. Bf1 Bb7 11. Nbxd4 Nxd4 12. Nxd4 Nf6 13. c3 Be7 14. Nb3 Bd5 15. Be3 O-O 16. Qc2 Rfd8 17. Rad1 Qc6 18. Nd4 Qb7 19. Nb3 h6 20. h3 Qc7 21. Bd4 Rac8 22. Be5 Qb7 23. a3 Qb6 24. Bd4 Qc6 25. Be5 Nd7 26. Nd4 Qb7 27. Bg3 Bf6 28. Nb3 Qb6 29. Rd2 a5 30. Qd1 b4 31. axb4 axb4 32. cxb4 Qxb4 33. Re3 Nb6 34. Rde2 0-1

[Event "EIBCC 2019"]
[Site "Tallinn"]
[Date "2019.12.07"]
[Round "13.36"]
[White "Lopusiewicz, Piotr"]
[Black "Timoshin, Andrei"]
[Result "1-0"]
[WhiteElo "2301"]
[BlackElo "2130"]
[Annotator "NA"]
[PlyCount "67"]
[EventDate "2019.12.06"]
[EventType "swiss"]
[EventCountry "EST"]
[SourceTitle "playchess.com"]
[Source "ChessBase"]
[SourceQuality "1"]

1. d4 d5 2. c4 e6 3. Nf3 c5 4. cxd5 exd5 5. g3 Nc6 6. Bg2 Nf6 7. O-O Be7 8. dxc5 Bxc5 9. a3 a6 10. b4 Be7 11. Bb2 O-O 12. Qd3 h6 13. Nbd2 Bg4 14. Rad1 Qb6 15. Nb3 Rad8 16. Nbd4 Bxf3 17. Nxc6 bxc6 18. Bxf3 a5 19. Bd4 Qc7 20. Rc1 axb4 21. axb4 Bxb4 22. Bxf6 gxf6 23. Qf5 Be7 24. Bxd5 Qe5 25. Qg6+ Kh8 26. Qxh6+ Kg8 27. Bxc6 Bb4 28. Rc4 Rd4 29. Rxd4 Qxd4 30. e3 Qc3 31. Be4 f5 32. Bxf5 Qg7 33. Qxg7+ Kxg7 34. Rd1 1-0

[Event "EIBCC 2019"]
[Site "Tallinn"]
[Date "2019.12.07"]
[Round "14.1"]
[White "Sargissian, Gabriel"]
[Black "Morozevich, Alexander"]
[Result "1/2-1/2"]
[WhiteElo "2676"]
[BlackElo "2712"]
[Annotator "TA"]
[PlyCount "131"]
[EventDate "2019.12.06"]
[EventType "swiss"]
[EventCountry "EST"]
[SourceTitle "playchess.com"]
[Source "ChessBase"]
[SourceQuality "1"]

1. d4 e6 2. Nf3 c5 3. c4 cxd4 4. Nxd4 Nf6 5. Nc3 Bb4 6. g3 Qc7 7. Qb3 Bc5 8. Be3 a6 9. Bh3 O-O 10. O-O d6 11. Nc2 Nbd7 12. Rfd1 Rb8 13. Rac1 Ne5 14. Bg2 Bd7 15. Bxc5 dxc5 16. Ne3 Bc6 17. Qc2 Bxg2 18. Kxg2 Qc6+ 19. f3 h5 20. Rd2 b5 21. b3 bxc4 22. Nxc4 Nxc4 23. bxc4 Rb4 24. Nd1 Rfb8 25. Nf2 Rb2 26. Qc3 Rxd2 27. Qxd2 e5 28. Qe3 Re8 29. Ne4 Nxe4 30. Qxe4 Qxe4 31. fxe4 Rd8 32. Rc2 f6 33. Kf3 Kf7 34. Rb2 Rd4 35. Rb6 Rxc4 36. Rxa6 Rc3+ 37. e3 g5 38. h3 Rc2 39. a4 Ra2 40. a5 c4 41. Rc6 Rxa5 42. Rxc4 Ra2 43. Rc7+ Kg6 44. Rc8 Rh2 45. Rg8+ Kh7 46. Rf8 Kg7 47. Ra8 Rxh3 48. Kg2 g4 49. Ra3 Kg6 50. Ra8 Kf7 51. Ra7+ Kg6 52. Ra8 Kg7 53. Ra7+ Kh6 54. Ra8 Kg6 55. Rb8 f5 56. Rb6+ Kg5 57. Re6 h4 58. gxh4+ Kxh4 59. Rh6+ Kg5 60. Rxh3 gxh3+ 61. Kxh3 f4 62. Kg2 fxe3 63. Kf3 e2 64. Kxe2 Kf4 65. Ke1 Kxe4 66. Ke2 1/2-1/2

[Event "EIBCC 2019"]
[Site "Tallinn"]
[Date "2019.12.07"]
[Round "14.2"]
[White "Guseinov, Gadir"]
[Black "Andriasian, Zaven"]
[Result "1/2-1/2"]
[WhiteElo "2593"]
[BlackElo "2766"]
[Annotator "TA"]
[PlyCount "23"]
[EventDate "2019.12.06"]
[EventType "swiss"]
[EventCountry "EST"]
[SourceTitle "playchess.com"]
[Source "ChessBase"]
[SourceQuality "1"]

1. e4 c6 2. d4 d5 3. Nd2 g6 4. c3 Bg7 5. Ngf3 dxe4 6. Nxe4 Nd7 7. Bc4 Nb6 8. Bb3 Nf6 9. Neg5 Nbd5 10. Ne5 O-O 11. O-O Nd7 12. Nxd7 1/2-1/2

[Event "EIBCC 2019"]
[Site "Tallinn"]
[Date "2019.12.07"]
[Round "14.3"]
[White "Esipenko, Andrey"]
[Black "Mamedov, Rauf"]
[Result "1/2-1/2"]
[WhiteElo "2582"]
[BlackElo "2670"]
[Annotator "ChessBase"]
[PlyCount "131"]
[EventDate "2019.12.06"]
[EventType "swiss"]
[EventCountry "EST"]
[SourceTitle "playchess.com"]
[Source "ChessBase"]
[SourceQuality "1"]

1. d4 Nf6 2. c4 g6 3. Nc3 Bg7 4. e4 d6 5. Nf3 O-O 6. Be2 e5 7. O-O c6 8. Re1 Na6 9. Be3 Qe7 10. h3 Nh5 11. Bf1 Nc7 12. Qd2 Ne6 13. Rad1 Rd8 14. g3 exd4 15. Nxd4 Bxd4 16. Bxd4 Ng5 17. Be2 Nxh3+ 18. Kh2 N3f4 19. Bf3 Ne6 20. Be3 Nf6 21. Kg2 h5 22. Rh1 Nf8 23. Bf4 Bg4 24. Bxg4 Nxg4 25. Bxd6 Qf6 26. Qf4 Qxf4 27. Bxf4 Ne6 28. Bd6 f6 29. Rd2 Rd7 30. Rhd1 Rad8 31. b3 Ne5 32. Nb1 Nf7 33. Ba3 Rxd2 34. Rxd2 Ne5 35. Bb2 Rxd2 36. Nxd2 Nd7 37. f4 Kf7 38. Kf3 g5 39. f5 Nec5 40. Ke3 Na6 41. a3 Nc7 42. b4 c5 43. b5 Ne8 44. Nf3 Nd6 45. Kd3 b6 46. Bc3 g4 47. Nh4 Nb8 48. a4 Nd7 49. Ng6 Ke8 50. Nf4 Nf7 51. Nxh5 Nfe5+ 52. Kc2 Kf7 53. Kb3 Nd3 54. Nf4 Nxf4 55. gxf4 g3 56. Be1 g2 57. Bf2 Kg7 58. Kc3 Kh6 59. Kd3 Kh5 60. Ke3 Kg4 61. Bg1 Kg3 62. Bf2+ Kg4 63. Bg1 Kg3 64. Bf2+ Kg4 65. Bg1 Kg3 66. Bf2+ 1/2-1/2

[Event "EIBCC 2019"]
[Site "Tallinn"]
[Date "2019.12.07"]
[Round "14.4"]
[White "Demidov, Mikhail"]
[Black "Lintchevski, Daniil"]
[Result "1/2-1/2"]
[WhiteElo "2631"]
[BlackElo "2553"]
[Annotator "ChessBase"]
[PlyCount "96"]
[EventDate "2019.12.06"]
[EventType "swiss"]
[EventCountry "EST"]
[SourceTitle "playchess.com"]
[Source "ChessBase"]
[SourceQuality "1"]

1. d4 d5 2. Nf3 Nf6 3. Bf4 c5 4. dxc5 e6 5. e3 Bxc5 6. Be2 Nc6 7. O-O O-O 8. c4 b6 9. a3 Bb7 10. Nc3 d4 11. exd4 Nxd4 12. Be5 Nxf3+ 13. Bxf3 Qxd1 14. Rfxd1 Bxf3 15. gxf3 Rfd8 16. Nb5 a5 17. Rab1 Ne8 18. Kf1 f6 19. Bc3 a4 20. Ke2 Kf7 21. Bb4 Ke7 22. Rxd8 Rxd8 23. Rd1 Rxd1 24. Bxc5+ bxc5 25. Kxd1 Nd6 26. Nc3 Nxc4 27. Nxa4 Kd6 28. Ke2 g5 29. b4 Nxa3 30. Nxc5 Nc2 31. Nd3 Kd5 32. Kd2 Nd4 33. Ke3 Nf5+ 34. Ke2 Kc4 35. Nc5 Nd4+ 36. Ke3 Nf5+ 37. Ke2 Nd4+ 38. Ke3 Kd5 39. Nd7 Nc2+ 40. Ke2 f5 41. Nf6+ Ke5 42. Nxh7 g4 43. fxg4 fxg4 44. b5 Nd4+ 45. Ke3 Nxb5 46. f3 gxf3 47. Kxf3 Kf5 48. h4 Ke5 1/2-1/2

[Event "EIBCC 2019"]
[Site "Tallinn"]
[Date "2019.12.07"]
[Round "14.5"]
[White "Lysyj, Igor"]
[Black "Stupak, Kirill"]
[Result "1-0"]
[WhiteElo "2600"]
[BlackElo "2459"]
[Annotator "ChessBase"]
[PlyCount "85"]
[EventDate "2019.12.06"]
[EventType "swiss"]
[EventCountry "EST"]
[SourceTitle "playchess.com"]
[Source "ChessBase"]
[SourceQuality "1"]

1. d4 Nf6 2. c4 e6 3. Nf3 Bb4+ 4. Bd2 a5 5. g3 b6 6. Bg2 Bb7 7. O-O O-O 8. a3 Bxd2 9. Qxd2 d6 10. Qd3 Be4 11. Qe3 Nbd7 12. Nc3 Bb7 13. Qd3 e5 14. e4 exd4 15. Nxd4 Nc5 16. Qc2 a4 17. Rad1 Re8 18. Rfe1 Qc8 19. h3 Re7 20. Kh2 g6 21. Nd5 Nxd5 22. cxd5 Qf8 23. Re3 Rae8 24. Rde1 Qg7 25. Qc3 h5 26. f4 Qf6 27. Nc6 Qxc3 28. Nxe7+ Rxe7 29. bxc3 f6 30. e5 fxe5 31. fxe5 dxe5 32. Rxe5 Rxe5 33. Rxe5 Kf7 34. g4 hxg4 35. hxg4 Bc8 36. Kg3 Bd7 37. g5 Bf5 38. Bf1 Ne4+ 39. Kf4 Nd2 40. Bb5 Nb1 41. Re3 Nxa3 42. Bxa4 Nc4 43. Re1 1-0

[Event "EIBCC 2019"]
[Site "Tallinn"]
[Date "2019.12.07"]
[Round "14.6"]
[White "Popov, Valerij"]
[Black "Schneider, Ilja"]
[Result "1-0"]
[WhiteElo "2547"]
[BlackElo "2483"]
[Annotator "ChessBase"]
[PlyCount "91"]
[EventDate "2019.12.06"]
[EventType "swiss"]
[EventCountry "EST"]
[SourceTitle "playchess.com"]
[Source "ChessBase"]
[SourceQuality "1"]

1. c4 c6 2. Nf3 d5 3. e3 Nf6 4. Nc3 a6 5. h3 e6 6. b3 b5 7. d4 Nbd7 8. Be2 Bd6 9. O-O O-O 10. Bb2 Qe7 11. Qc2 Bb7 12. e4 dxe4 13. Nxe4 Nxe4 14. Qxe4 Nf6 15. Qh4 bxc4 16. bxc4 c5 17. Rab1 h6 18. dxc5 Bxc5 19. Bxf6 gxf6 20. Qxh6 Be4 21. Rb3 Rfd8 22. Nh4 Qc7 23. Kh1 Bf8 24. Qxf6 Bg7 25. Qg5 Qe5 26. Qxe5 Bxe5 27. Re3 f5 28. Bf3 Bxf3 29. Nxf3 Bf4 30. Rxe6 Rac8 31. g3 Bb8 32. Rc1 Rd3 33. Kg2 Ra3 34. Rc2 Kf7 35. Ng5+ Kg7 36. h4 f4 37. g4 Ra5 38. Ne4 Kf7 39. Rb6 Ra3 40. g5 f3+ 41. Kh3 Rd3 42. h5 Rd4 43. Rf6+ Ke7 44. Ng3 Be5 45. Nf5+ Kd7 46. Nxd4 1-0